|
|
|
|
| LEADER |
00995cam a2200241 a 4500 |
| 008 |
851209s1966 cc cf b 000 0 eng |
| 082 |
0 |
0 |
|a 335.4345
|
| 100 |
1 |
|
|a Tse-Tung, Mao
|
| 245 |
1 |
0 |
|a Four essays on philosophy /
|c Mao Tse-tung.
|
| 246 |
1 |
|
|i Colophon title in Chinese characters:
|a Mao Zedong di si pien zhe xue lun wen
|
| 246 |
3 |
|
|a 4 essays on philosophy
|
| 260 |
|
|
|a Peking :
|b Foreign Language Press,
|c 1966.
|
| 300 |
|
|
|a 135 p. ;
|c 19 cm.
|
| 504 |
|
|
|a Includes bibliographical references.
|
| 505 |
0 |
|
|a On practice -- On contradiction -- On the correct handling of contradictions among the people -- Where do correct ideas come from?
|
| 650 |
|
0 |
|a Contradiction.
|
| 650 |
|
0 |
|a Idea (Philosophy)
|
| 650 |
|
0 |
|a Philosophy.
|
| 650 |
|
0 |
|a Practice (Philosophy)
|
| 906 |
|
|
|a 7
|b cbc
|c orignew
|d 4
|e ncip
|f 19
|g y-gencatlg
|
| 942 |
|
|
|c BK
|
| 999 |
|
|
|c 276232
|d 276232
|
| 952 |
|
|
|0 0
|1 0
|2 ddc
|4 0
|6 335_434500000000000_TSE_F
|7 0
|9 310767
|a PHL
|b PHL
|c ST1
|d 2015-09-17
|i 1856
|o 335.4345 TSE/F
|p PHL1856
|r 2015-09-17
|y BK
|